Hoa nhạn lai hồng Ký sự về một thời đại đẹp

Khái quát toàn bộ cuộc sống của người tù chính trị Sơn La

Đã lưu trong:
書目詳細資料
主要作者: Hoàng, Công Khanh
格式: 圖書
語言:Undetermined
出版: H. Văn học 1992
主題:
在線閱讀:http://lrc.tdmu.edu.vn/opac/search/detail.asp?aID=2&ID=6789
標簽: 添加標簽
沒有標簽, 成為第一個標記此記錄!
Thư viện lưu trữ: Trung tâm Học liệu Trường Đại học Thủ Dầu Một
LEADER 00745nam a2200217Ia 4500
001 TDMU_6789
008 210410s9999 xx 000 0 und d
082 |a 895.922 803 
090 |b H407 
100 |a Hoàng, Công Khanh 
245 0 |a Hoa nhạn lai hồng 
245 0 |b Ký sự về một thời đại đẹp 
245 0 |c Hoàng Công Khanh 
260 |a H. 
260 |b Văn học 
260 |c 1992 
300 |a 466tr 
520 |a Khái quát toàn bộ cuộc sống của người tù chính trị Sơn La 
650 |a Ký sự; Nhà tù Sơn La 
856 |u http://lrc.tdmu.edu.vn/opac/search/detail.asp?aID=2&ID=6789 
980 |a Trung tâm Học liệu Trường Đại học Thủ Dầu Một